000 00477nam a2200193Ia 4500
005 20240823005934.0
008 240823s9999||||xx |||||||||||||| ||und||
041 _aENGLISH
082 _A628 N6
100 _a"Sincero,Arcadio P"
245 0 _aEnvironmental Engineering a design approach
250 _a1st
260 _c1996
_b"PHI,New Delhi"
500 _aYES
650 _aEnvironment
_bMechanical
700 _a" Sincero,Gregoria A"
942 _cBK
999 _c157158
_d157158